Central Library and Information Centre
Sibsagar Girls' College, Sivasagar : Assam

HUHUDAR (Record no. 6334)

MARC details
000 -LEADER
fixed length control field 00376cam a2200169ua 4500
008 - FIXED-LENGTH DATA ELEMENTS--GENERAL INFORMATION
fixed length control field 120423n1981 II |||gr||||Z||||||eng
040 ## - CATALOGING SOURCE
Original cataloging agency MAIN
041 ## - LANGUAGE CODE
-- English
082 ## - DEWEY DECIMAL CLASSIFICATION NUMBER
Classification number 891.451 DHI
100 ## - MAIN ENTRY--PERSONAL NAME
Personal name DHINGIA, GUNASAGAR .
245 ## - TITLE STATEMENT
Title HUHUDAR
260 ## - PUBLICATION, DISTRIBUTION, ETC.
Place of publication, distribution, etc. GUWAHATI
Name of publisher, distributor, etc. BANI MANDIR
Date of publication, distribution, etc. 1981
300 ## - PHYSICAL DESCRIPTION
Extent 119.
942 ## - ADDED ENTRY ELEMENTS (KOHA)
Koha item type Books
653 ## - INDEX TERM--UNCONTROLLED
Uncontrolled term ASSAMESE LITERATURE
Holdings
Withdrawn status Lost status Damaged status Not for loan Collection code Home library Current library Shelving location Date acquired Full call number Barcode Date last seen Copy number Price effective from Koha item type
Withdrawn       TBASM Central Library and Information Centre Sibsagar Girls College Central Library and Information Centre Sibsagar Girls College Staff Office 27.03.1980 891.451 DHI 05698 27.02.2020 1 27.02.2020 Books
        REFASM Central Library and Information Centre Sibsagar Girls College Central Library and Information Centre Sibsagar Girls College Assamese Fiction 27.03.1980 891.451 DHI 05699 27.02.2020 2 27.02.2020 Books


Sibsagar Girl's College © 2020. All rights reserved.
Powered by Koha.
Maintained by Abhijit Borpuzari.